000 00423nam a22001457a 4500
020 _a9789698535292
082 _a954.552 SHA
100 _aSafdar Ali Shah
_91544
245 _aCOLONIALISM English and Punjabi
260 _aIslamabad, Pakistan
_bNational University of Sciences and Technology
300 _axx, 349 p.
500 _aIncludes index.
650 _a1. Colonialism english---punjabi
_91557
942 _cBK
_2ddc
999 _c489974
_d489974